Boletín del Buró Interamericano de Arte : exposición de arte mexicano /

Guardado en:
Detalles Bibliográficos
Otros autores: Obregón Santacilia, Carlos (dirección) (dirección)
Formato: Libro
Idioma:Español
Temas:
Etiquetas: Agrega una etiqueta
Sin etiquetas, Sé el primero en etiquetar este registro!

MARC

LEADER 00000nam^a2200000^a^4500
001 000262913
005 20250521000000.0
009 20260310110556.716
037 |a Acervo ITESO - Biblioteca 
041 |a ESP 
082 |a 700. 5  |b BIA V. 3 
240 1 1 |a [Boletín del Buró Interamericano de Arte] 
245 0 0 |a Boletín del Buró Interamericano de Arte :  |b exposición de arte mexicano /  |c Dir. de C. Obregón Santacilia. 
264 |a México :  |b Buró Interamericano de Arte, Central México,  |c 1954 
300 |a 80 p. 
336 |a texto  |b txt  |2 rdacontenido 
337 |a sin mediación  |b n  |2 rdamedio 
338 |a volumen  |b nc  |2 rdasoporte 
649 |a XX 
650 |a Arte -  |x Publicaciones Periódicas Mexicanas -  |x Tema Principal 
650 |a Museos y Galerías -  |z México (Ciudad) -  |x Exposiciones 
650 |a Museos y Galerías -  |z México -  |x Exposiciones 
650 |a Arte Prehispánico -  |z México -  |x Exposiciones 
650 |a Arte Prehispánico -  |z México -  |x Historia y Crítica 
650 |a Arte Popular -  |z México -  |x Exposiciones 
650 |a Arte Popular -  |z México -  |x Historia y Crítica 
650 |a Arte Moderno -  |z México -  |x Exposiciones 
650 |a Arte Moderno -  |z México -  |x Historia y Crítica 
650 |a Arte Mexicano -  |x Exposiciones 
650 |a Arte Mexicano -  |x Historia y Crítica 
650 |a Publicaciones Periódicas Mexicanas 
700 |a Obregón Santacilia, Carlos  |e (dirección) 
910 |a Fondo Julio de la Peña Lomelín 
920 |a Impresos - Libros 
930 |a Arquitectos Jaliscienses 
905 |a 115 
901 |a 0500144109  |b IT1  |c JAL  |u 20250521 
902 |a https://opac.biblio.iteso.mx/vufind/Record/000262913